The Bible and its eternal facts. (Record no. 16176)

000 -LEADER
fixed length control field 00497nam a2200169 a 4500
001 - CONTROL NUMBER
control field :::00018917$&:&@@
003 - CONTROL NUMBER IDENTIFIER
control field OkBaRHE
005 - DATE AND TIME OF LATEST TRANSACTION
control field 20100331143859.0
008 - FIXED-LENGTH DATA ELEMENTS--GENERAL INFORMATION
fixed length control field s1947 j 000 0 eng u
040 ## - CATALOGING SOURCE
Transcribing agency
100 1# - MAIN ENTRY--PERSONAL NAME
Personal name McCrossan, T. J.
245 14 - TITLE STATEMENT
Title The Bible and its eternal facts.
260 ## - PUBLICATION, DISTRIBUTION, ETC. (IMPRINT)
Place of publication, distribution, etc Youngstown, Ohio
Name of publisher, distributor, etc Clement Humbard
Date of publication, distribution, etc 1947
300 ## - PHYSICAL DESCRIPTION
Extent 428 p.
942 ## - ADDED ENTRY ELEMENTS (KOHA)
Source of classification or shelving scheme
Koha item type Books
Copies
Not for loan Koha item type Withdrawn status Source of classification or shelving scheme Permanent Location Copy number Full call number Shelving location Date last seen Lost status Price effective from Damaged status Date acquired Barcode
 Books  RHEMA Bible Training College1BS 543 .A2 M3General Stacks2018-02-16 2010-04-14 2010-04-1418917